| 000 | 00529cas a22001574i 4500 | ||
|---|---|---|---|
| 999 |
_c62288 _d62288 |
||
| 001 | 768714001 | ||
| 003 | CO-MdFUSB | ||
| 005 | 20180428101418.0 | ||
| 008 | 180428s2017 cr ||||| |||| 00| 0 spa d | ||
| 040 |
_aCO-MdFUSB _bspa _cCO-MdFUSB _dCO-MdFUSB |
||
| 041 | _aspa | ||
| 245 | 1 | 0 | _aLecciones sobre el regreso de Cristo y el juicio final |
| 300 |
_aVolumen 7. Número 12 (2007), páginas 186-189 _c: 28 cm. |
||
| 773 | 0 |
_tConquista Cristiana _049446 _960281 _gVolumen 7. Número 12 (2007), páginas 186-189 _qpágina 186 |
|
| 942 | _cANA | ||